LAW OF COPYRIGHT AND INDUSTRIAL DESIGNS (Record no. 24016)

MARC details
000 -LEADER
fixed length control field 00332nam a22001457a 4500
003 - CONTROL NUMBER IDENTIFIER
control field SGT
020 ## - INTERNATIONAL STANDARD BOOK NUMBER
International Standard Book Number 9788171773411
082 ## - DEWEY DECIMAL CLASSIFICATION NUMBER
Classification number 346.0482
Item number NAR
100 ## - MAIN ENTRY--PERSONAL NAME
Personal name NARAYANAN P
245 ## - TITLE STATEMENT
Title LAW OF COPYRIGHT AND INDUSTRIAL DESIGNS
250 ## - EDITION STATEMENT
Edition statement 4
260 ## - PUBLICATION, DISTRIBUTION, ETC. (IMPRINT)
Place of publication, distribution, etc KOLKATA
Name of publisher, distributor, etc EASTERN LAW HOUSE
Year of Publication 2019
300 ## - PAGE DESCRIPTION
No. of Pages 44 ,1135
942 ## - ADDED ENTRY ELEMENTS (KOHA)
Source of classification or shelving scheme Dewey Decimal Classification
Koha item type Books
Holdings
Withdrawn status Lost status Source of classification or shelving scheme Damaged status Not for loan Collection code Home library Current library Shelving location Date acquired Vendor Name Cost, normal purchase price SGTU Bill Number Full call number Accession No. (Barcode) Date last seen Bill Date Koha item type Total Checkouts
    Dewey Decimal Classification   Not For Loan LAW SGT Science & Social Sciences Library SGT Science & Social Sciences Library Reference Book 12/06/2023 COMMERCIAL BOOK HOUSE 1845.00 SGTU 353 346.0482 NAR FL3042 12/06/2023 19/05/2023 Books  
    Dewey Decimal Classification     LAW SGT Science & Social Sciences Library SGT Science & Social Sciences Library Text Book 12/06/2023 COMMERCIAL BOOK HOUSE 1845.00 SGTU 353 346.0482 NAR FL3043 12/06/2023 19/05/2023 Books